| 000 | 01004nam a22003257a 4500 | ||
|---|---|---|---|
| 001 | 0027884 | ||
| 003 | KOHA_MİRAKIL | ||
| 005 | 20260207002612.0 | ||
| 007 | ta | ||
| 008 | 110302b2000 sp a|||gr||||#0|||1|eng | | ||
| 020 | _a0194230090 | ||
| 040 |
_aTR-BiSEU _btur _cTR-BiSEU _erda |
||
| 041 | 0 | _aeng | |
| 044 | _csp | ||
| 050 |
_aPE1128.C74 _bI54 2000 |
||
| 100 | 1 | _aCresswell, Helen. | |
| 245 | 1 |
_aMoondial/ _cHelen Cresswell ; Helen Cresswell. |
|
| 264 | 1 |
_aOxford : _bOxford University Press _c2000 |
|
| 300 |
_a72 p. : _bill. ; _c20 cm |
||
| 336 |
_ametin _btxt _2rdacontent |
||
| 337 |
_aaracısız _bn _2rdamedia |
||
| 338 |
_acilt _bnc _2rdacarrier |
||
| 500 | _aEasyreader (1000 heawords) Book -- Story (Kitap -- Hikaye). | ||
| 650 | 0 |
_aEnglish Language--Textbooks for foreign speakers. _950501 |
|
| 650 | 0 |
_aEnglish language--Study and teaching. _940817 |
|
| 650 | 0 |
_aReaders--United States. _950502 |
|
| 650 | 0 |
_aİngilizce hikaye. _911986 |
|
| 907 | _aDil | ||
| 942 |
_2lcc _cBK |
||
| 999 |
_c27808 _d27808 |
||